El nuevo liderazgo político regional Experiencias de transición sin ruptura

Đã lưu trong:
Chi tiết về thư mục
Tác giả chính: Biato, Marcel (l)
Định dạng: Sách
Ngôn ngữ:Spanish
Những chủ đề:
Các nhãn: Thêm thẻ
Không có thẻ, Là người đầu tiên thẻ bản ghi này!

MARC

LEADER 00000nam a22000007a 4500
003 cru CIDCACS/IIS
005 20161107164904.0
008 161107b xxu||||| |||| 00| 0 spa d
040 |a cru CIDCACS/IIS  |c cru CIDCACS/IIS 
100 1 |4 l  |9 386  |a Biato, Marcel 
245 1 3 |a El nuevo liderazgo político regional  |b Experiencias de transición sin ruptura  |c Marcel Biato 
300 |a páginas 57-62 
650 1 0 |9 388  |a GLOBALIZACION 
650 1 0 |9 390  |a REFORMA ECONOMICA 
650 1 0 |9 381  |a INTEGRACION REGIONAL 
651 1 0 |9 387  |a BRASIL 
773 0 |0 1839  |9 138  |a Cuevas Molina, Rafael   |d Heredia: UNA. FFL. IDELA. POSLATINO   |o 05869  |t América Latina hoy: procesos sociopolíticos y espacios de integración regional /  |w (cru CIDCACS/IIS)38462  |z 9789968260268  
942 |2 ddc  |c LI 
999 |c 18711  |d 18711